Business research methods : (Record no. 4069)

MARC details
000 -LEADER
fixed length control field 00688nam a22002297a 4500
001 - CONTROL NUMBER
control field BD-DhSAU 4069
003 - CONTROL NUMBER IDENTIFIER
control field BD-DhSAU
005 - DATE AND TIME OF LATEST TRANSACTION
control field 20150301121540.0
008 - FIXED-LENGTH DATA ELEMENTS--GENERAL INFORMATION
fixed length control field 150118s2013 ii a||||r|||| 001 0 eng d
020 ## - INTERNATIONAL STANDARD BOOK NUMBER
International Standard Book Number 9788131518519
040 ## - CATALOGING SOURCE
Original cataloging agency BD-DhSAU
082 ## - DEWEY DECIMAL CLASSIFICATION NUMBER
Edition number 22
Classification number 658.0072
Item number Z648
100 ## - MAIN ENTRY--PERSONAL NAME
Personal name Zikmund, William G
245 ## - TITLE STATEMENT
Title Business research methods :
Remainder of title A South-Asian perspective /
Statement of responsibility, etc. William G Zikmund, ...[et al] .
260 ## - PUBLICATION, DISTRIBUTION, ETC. (IMPRINT)
Place of publication, distribution, etc. India :
Name of publisher, distributor, etc. Cengage Learning India Pvt. Ltd. ;
Date of publication, distribution, etc. c2013.
300 ## - PHYSICAL DESCRIPTION
Extent xxiv, 750 P.:
Other physical details ill. ;
Dimensions 28 cm.
500 ## - GENERAL NOTE
General note New arrival 2014
504 ## - BIBLIOGRAPHY, ETC. NOTE
Bibliography, etc Includes bibliography and index
590 ## - Name of Cataloguer
Name of Cataloger erfat
650 ## - SUBJECT ADDED ENTRY--TOPICAL TERM
Topical term or geographic name as entry element Statistics
700 ## - ADDED ENTRY--PERSONAL NAME
Personal name Babin, Barry J
942 ## - ADDED ENTRY ELEMENTS (KOHA)
Source of classification or shelving scheme Dewey Decimal Classification
Koha item type Book
Holdings
Withdrawn status Lost status Source of classification or shelving scheme Damaged status Not for loan Home library Branch Name Shelving location Date acquired Total Checkouts Full call number Barcode Date last seen Price effective from Koha item type Collection code
    Dewey Decimal Classification     SAU Library SAU Library General Stacks 26/06/2014   658.0072 Z648 38489 11/02/2015 11/02/2015 Book  
    Dewey Decimal Classification   Not For Loan SAU Library SAU Library Reference 26/06/2014   658.0072 Z648 38488 11/02/2015 11/02/2015 Book Reference